Crónica de la provincia de Tarragona / (Registro nro. 182592)

Detalles MARC
000 -LEADER
campo de control de longitud fija 01055nam a2200217 i 4500
001 - NÚMERO DE CONTROL
campo de control 182592
003 - IDENTIFICADOR DE NÚMERO DE CONTROL
campo de control ES-MaACL
005 - FECHA Y HORA DE LA ÚLTIMA TRANSACCIÓN
campo de control 20240514173356.0
008 - DATOS DE LONGITUD FIJA--INFORMACIÓN GENERAL
campo de control de longitud fija 130930s1870 sp a | |||||||| | spa d
080 ## - NÚMERO DE LA CLASIFICACIÓN DECIMAL UNIVERSAL
Número de la Clasificación Decimal Universal 94(460.237)
100 0# - ENTRADA PRINCIPAL--NOMBRE DE PERSONA
Nombre de persona Fulgosio, Fernando.
9 (RLIN) 52994
245 10 - MENCIÓN DEL TÍTULO
Título Crónica de la provincia de Tarragona /
Mención de responsabilidad, etc. por Fernando Fulgosio.
260 ## - PUBLICACIÓN, DISTRIBUCIÓN, ETC.
Lugar de publicación, distribución, etc. Madrid :
Nombre del editor, distribuidor, etc. Rubio, Grilo y Vitturi,
Fecha de publicación, distribución, etc. 1870.
300 ## - DESCRIPCIÓN FÍSICA
Extensión VI, 96 p., [5] h. de lám., [1] h. de mapas :
Otras características físicas il. ;
Dimensiones 32 cm.
490 1# - MENCIÓN DE SERIE
Mención de serie Crónica general de España, ó sea Historia ilustrada y descriptiva de sus provincias, sus poblaciones más importantes de la península y de Ultramar
651 #4 - PUNTO DE ACCESO ADICIONAL DE MATERIA--NOMBRE GEOGRÁFICO
Nombre geográfico Tarragona (Provincia)-
Subdivisión general Descripción.
9 (RLIN) 153506
651 #7 - PUNTO DE ACCESO ADICIONAL DE MATERIA--NOMBRE GEOGRÁFICO
Nombre geográfico Tarragona (Provincia)-
Subdivisión general Historia
Fuente del encabezamiento o término
9 (RLIN) 153507
830 0# - PUNTO DE ACCESO ADICIONAL DE SERIE-TÍTULO UNIFORME
Título uniforme Crónica general de España, o sea Historia ilustrada y descriptiva de sus provincias, sus poblaciones más importantes de la península y posesiones de Ultramar
9 (RLIN) 224862
852 ## - LOCALIZACIÓN
Ubicación ES-MaACL
Número de control de estantería C-1580(3)
Nota libre .- Encuadernado con otras obras
Existencias
Estatus retirado Estado de pérdida Estado de daño No para préstamo Colección Biblioteca de origen Biblioteca actual Ubicación en estantería Fecha de adquisición Fuente de adquisición Total de préstamos Signatura topográfica completa Código de barras Visto por última vez Precio de reemplazo Tipo de ítem Koha
        Libros del s. XIX Biblioteca del Ateneo de Madrid Biblioteca del Ateneo de Madrid Sala Palomar 30/09/2013     C-1580(3) 1191890 23/02/2023 23/02/2023 Libro impreso antiguo